Pikartské dialogy

Titel: Pikartské dialogy : Mikuláš Konáč z Hodíškova / Ota Halama
Verfasser:
Ausgabe: Vydání první
Veröffentlicht: Praha : NLN, Nakladatelství Lidové noviny, 2017
Umfang: 179 Seiten : Faksimiles
Format: Buch
Sprache: Tschechisch
Schriftenreihe/
mehrbändiges Werk:
Středověk ; sv. 2
Schlagworte:
ISBN: 9788074225710
Buchumschlag
X
alg: 53478137
001A    $03004:05-11-25 
001B    $01999:27-03-26 $t12:28:32.000 
001D    $03004:24-03-26 
001U    $0utf8 
001X    $00 
002@    $0Aau 
002C    $aText $btxt $2rdacontent 
002D    $aohne Hilfsmittel zu benutzen $bn $2rdamedia 
002E    $aBand $bnc $2rdacarrier 
003@    $0534781373 
004A    $A978-80-7422-571-0 
006C    $01004339652 $aOCoLC 
007A    $0BV044487538 $aBVB 
007G    $0 
009P    $uhttps://bvbr.bib-bvb.de:443/F?func=service&doc_library=BVB01&local_base=BVB01&doc_number=029887575&sequence=000004&line_number=0001&func_code=DB_RECORDS&service_type=MEDIA $mDigitalisierung BSB München 19 - ADAM Catalogue Enrichment 
009P    $uhttps://bvbr.bib-bvb.de:443/F?func=service&doc_library=BVB01&local_base=BVB01&doc_number=029887575&sequence=000005&line_number=0002&func_code=DB_RECORDS&service_type=MEDIA $mDigitalisierung BSB München 19 - ADAM Catalogue Enrichment 
009P    $uhttps://bvbr.bib-bvb.de:443/F?func=service&doc_library=BVB01&local_base=BVB01&doc_number=029887575&sequence=000006&line_number=0003&func_code=DB_RECORDS&service_type=MEDIA $mDigitalisierung BSB München 19 - ADAM Catalogue Enrichment 
009P    $qapplication/pdf $A2 $3Buch Bibliographie $uhttp://scans.hebis.de/HEBCGI/show.pl?53478137_bib.pdf $mV:DE-603;B:DE-Mb50 
009P    $qapplication/pdf $A2 $3Cover $uhttp://scans.hebis.de/HEBCGI/show.pl?53478137_cov.pdf $mV:DE-603;B:DE-Mb50 
009P    $qapplication/pdf $A2 $3Register $uhttp://scans.hebis.de/HEBCGI/show.pl?53478137_idx.pdf $mV:DE-603;B:DE-Mb50 
009P    $qapplication/pdf $A2 $3Abstract $uhttp://scans.hebis.de/HEBCGI/show.pl?53478137_sum.pdf $mV:DE-603;B:DE-Mb50 
009P    $qapplication/pdf $A2 $3Inhaltsverzeichnis $uhttp://scans.hebis.de/HEBCGI/show.pl?53478137_toc.pdf $mV:DE-603;B:DE-Mb50 
010@    $acze 
010E    $erda 
011@    $a2017 $n2017 
013D    $RQuellenforschung $#History Sources $#Sources $#Histoire Sources $#Sources $#Historia Fuentes $#Akten Formschlagwort $#Augenzeugenbericht Formschlagwort $#Texte Formschlagwort $#Historische Quelle $#Geschichtsquelle $#Quellensammlung $#Quellen $74135952-5 $8Quelle [Tsz] $9085503576 $y1511-1522 
021A    $aPikartské dialogy $dMikuláš Konáč z Hodíškova $hOta Halama 
027A    $aMikuláš Konáč z Hodíškova - Pikartské dialogy 
027A    $aKonáč's dialogues with Picarts 
028A    $BVerfasser $4aut $7132020580 $8Halama, Ota$Z1974- [Tp1] $9180795643 
032@    $aVydání první 
033A    $pPraha $nNLN, Nakladatelství Lidové noviny 
034D    $a179 Seiten 
034M    $aFaksimiles 
036E    $aStředověk $lsv. 2 
037A    $aEnthält 3 Texte (J. 1511-1515) und 1 Text (J. 1522) aus der Druckerei von Mikuláš Konáč z Hodíškova ; Literaturverzeichnis: Seite 168-171 
037A    $aDialogy Mikuláše Konáče z Hodíškova a Jana Stanislaida spolu s polemikou Mikuláše z Poříčí 
044K    $qBVB $RTschechien $#Böhmische Kronländer $#Länder der Böhmischen Krone $#Sudetenland $#Böhmen $#Mähren $#Mährisch-Schlesien $#Österreichisch-Schlesien $#Tschechische Sozialistische Republik Böhmische Länder $#Tschechei Böhmische Länder $#Země koruny české $74069573-6 $8Böhmische Länder [Tg1] $9085195553 
044K    $qBVB $RHussiten $74756291-2 $8Utraquisten [Ts1] $9115226184 
045F    $a200.9437109031 $eDDC22BSB 
045F/01 $a200.9 
045F/03 $f09031 
045F/03 $g4371 
045T    $aOST $qDE-12 $2FID 
046L    $aZusammenfassung in englischer Sprache: Konáč's dialogues with Picarts 

lok: 53478137 24

exp: 53478137 24 1 #EPN
201B/01 $024-03-26 $t09:38:45.000 
201C/01 $005-11-25 
201U/01 $0utf8 
203@/01 $01321480059 
208@/01 $a24-03-26 $bz 
209A/01 $a25.06202 $du $f050 $h25 06202 $x00 
209C/01 $a25.06202 K $h25 06202 K 
209G/01 $a75095317 $x00 
220C/01 $akon 
247C/01 $8358050-7 Marburg, Bibliothek des Herder-Instituts Marburg $9102600961
LEADER 00000cam a2200000 c 4500
001 534781373
003 DE-603
005 20260327122832.0
007 tu
008 251105s2017 xx |||| | u00||u|cze c
020 |a 9788074225710 
035 |a (DE-599)BVBBV044487538 
040 |a DE-603  |b ger  |c DE-603  |d DE-603  |e rda 
041 |a cze 
082 0 4 |8 1\u  |a 200.9437109031  |q DE-101  |2 22/BSB 
084 |a OST  |q DE-12  |2 fid 
085 |8 1\u  |b 200.9 
085 |8 1\u  |z 1  |s 09031 
085 |8 1\u  |z 2  |s 4371 
100 1 |a Halama, Ota  |d 1974-  |e Verfasser  |4 aut  |0 (DE-603)180795643  |0 (DE-588)132020580  |2 gnd 
245 0 0 |a Pikartské dialogy  |b Mikuláš Konáč z Hodíškova  |c Ota Halama 
246 1 3 |a Mikuláš Konáč z Hodíškova - Pikartské dialogy 
246 1 3 |a Konáč's dialogues with Picarts 
250 |a Vydání první 
264 1 |a Praha  |b NLN, Nakladatelství Lidové noviny  |c 2017 
300 |a 179 Seiten  |b Faksimiles 
336 |a Text  |b txt  |2 rdacontent 
337 |a ohne Hilfsmittel zu benutzen  |b n  |2 rdamedia 
338 |a Band  |b nc  |2 rdacarrier 
490 0 |a Středověk  |v sv. 2 
500 |a Enthält 3 Texte (J. 1511-1515) und 1 Text (J. 1522) aus der Druckerei von Mikuláš Konáč z Hodíškova ; Literaturverzeichnis: Seite 168-171 
500 |a Dialogy Mikuláše Konáče z Hodíškova a Jana Stanislaida spolu s polemikou Mikuláše z Poříčí 
546 |a Zusammenfassung in englischer Sprache: Konáč's dialogues with Picarts 
650 7 |a Utraquisten  |0 (DE-588)4756291-2  |0 (DE-603)115226184  |2 gnd 
651 7 |a Böhmische Länder  |0 (DE-588)4069573-6  |0 (DE-603)085195553  |2 gnd 
655 7 |a Quelle  |y 1511-1522  |2 gnd-content  |0 (DE-588)4135952-5  |0 (DE-603)085503576 
856 4 2 |m Digitalisierung BSB München 19 - ADAM Catalogue Enrichment  |u https://bvbr.bib-bvb.de:443/F?func=service&doc_library=BVB01&local_base=BVB01&doc_number=029887575&sequence=000004&line_number=0001&func_code=DB_RECORDS&service_type=MEDIA 
856 4 2 |m Digitalisierung BSB München 19 - ADAM Catalogue Enrichment  |u https://bvbr.bib-bvb.de:443/F?func=service&doc_library=BVB01&local_base=BVB01&doc_number=029887575&sequence=000005&line_number=0002&func_code=DB_RECORDS&service_type=MEDIA 
856 4 2 |m Digitalisierung BSB München 19 - ADAM Catalogue Enrichment  |u https://bvbr.bib-bvb.de:443/F?func=service&doc_library=BVB01&local_base=BVB01&doc_number=029887575&sequence=000006&line_number=0003&func_code=DB_RECORDS&service_type=MEDIA 
856 4 2 |m V:DE-603;B:DE-Mb50  |q application/pdf  |u http://scans.hebis.de/HEBCGI/show.pl?53478137_bib.pdf  |3 Buch Bibliographie 
856 4 2 |m V:DE-603;B:DE-Mb50  |q application/pdf  |u http://scans.hebis.de/HEBCGI/show.pl?53478137_cov.pdf  |3 Cover 
856 4 2 |m V:DE-603;B:DE-Mb50  |q application/pdf  |u http://scans.hebis.de/HEBCGI/show.pl?53478137_idx.pdf  |3 Register 
856 4 2 |m V:DE-603;B:DE-Mb50  |q application/pdf  |u http://scans.hebis.de/HEBCGI/show.pl?53478137_sum.pdf  |3 Abstract 
856 4 2 |m V:DE-603;B:DE-Mb50  |q application/pdf  |u http://scans.hebis.de/HEBCGI/show.pl?53478137_toc.pdf  |3 Inhaltsverzeichnis 
924 0 |9 Mb 50  |a (DE-603)1321480059  |b DE-Mb50  |c HES  |d c  |g 25.06202